Statystyki dla 10 Najwartościowszych Piłkarzy Premier Ligi

Kliknij tutaj aby rozwiązać quiz!

Ogólne statystyki

  • Ten quiz został rozwiązany 19 razy
  • Średni wynik to 2 z 10

Statystyki odpowiedzi

WartośćNazwisko% Poprawnych
16 mlnKrychowiak
89%
30,5 mlnMalcom
33%
14,5 mlnMiranchuk
28%
14,5 mlnChalov
17%
14,5 mlnMario
17%
24 mlnFernandes
11%
17,5 mlnVlasic
11%
16 mlnBarrios
6%
14,5 mlnAzmoun
0%
13,5 mlnClaesson
0%

Rozkład punktacji

Percentyl według liczby udzielonych odpowiedzi

Procent ludzi z każdym wynikiem

Twoja historia wyników

Nie rozwiązałeś tego quizu